[Event "DVM U14w 2018"]
[Site "Neumünster GER"]
[Date "2018.12.30"]
[Round "7"]
[White "Roncea, Andreea-Alexandra"]
[Black "Schneider, Katharina"]
[Result "0-1"]
[Termination "normal"]
[Board "3.2"]
[WhiteElo "1511"]
[BlackElo "1731"]
[WhiteClock "00:06:22"]
[BlackClock "00:07:10"]
[WhiteTeam "SC Papenburg"]
[BlackTeam "SF Sasbach"]
[PlyCount "148"]
[WhiteFideId "16233115"]
[BlackFideId "16200519"]
[EventCountry "GER"]
[EventRounds "7"]
[EventType "team-swiss"]
[EventDate "2018.12.26"]

1. e4 {[%clk 01:30:58]} {[%emt 00:00:01]} e5 {[%clk 01:30:55]} {[%emt
00:00:05]} 2. Nf3 {[%clk 01:31:22]} {[%emt 00:00:07]} Nc6 {[%clk 01:31:18]}
{[%emt 00:00:07]} 3. Bc4 {[%clk 01:31:39]} {[%emt 00:00:13]} Bc5 {[%clk
01:31:42]} {[%emt 00:00:06]} 4. d3 {[%clk 01:32:00]} {[%emt 00:00:09]} Nf6
{[%clk 01:31:54]} {[%emt 00:00:17]} 5. Bb3 {[%clk 01:32:11]} {[%emt 00:00:19]}
d6 {[%clk 01:29:49]} {[%emt 00:02:35]} 6. c3 {[%clk 01:31:31]} {[%emt
00:01:10]} a6 {[%clk 01:29:54]} {[%emt 00:00:26]} 7. O-O {[%clk 01:31:45]}
{[%emt 00:00:16]} Ba7 {[%clk 01:22:55]} {[%emt 00:07:29]} 8. Nbd2 {[%clk
01:30:53]} {[%emt 00:01:22]} O-O {[%clk 01:22:08]} {[%emt 00:01:16]} 9. h3
{[%clk 01:28:14]} {[%emt 00:03:09]} Ne7 {[%clk 01:19:49]} {[%emt 00:02:48]} 10.
Re1 {[%clk 01:28:00]} {[%emt 00:00:45]} Ng6 {[%clk 01:19:29]} {[%emt 00:00:50]}
11. Nf1 {[%clk 01:27:20]} {[%emt 00:01:11]} Be6 {[%clk 01:18:21]} {[%emt
00:01:37]} 12. Bc2 {[%clk 01:26:38]} {[%emt 00:01:13]} Qd7 {[%clk 01:15:35]}
{[%emt 00:03:16]} 13. Ng3 {[%clk 01:22:04]} {[%emt 00:04:59]} Bxh3 {[%clk
01:14:33]} {[%emt 00:01:36]} 14. d4 {[%clk 01:01:05]} {[%emt 00:21:30]} exd4
{[%clk 00:52:57]} {[%emt 00:22:06]} 15. cxd4 {[%clk 01:00:06]} {[%emt
00:01:28]} Bg4 {[%clk 00:44:16]} {[%emt 00:09:10]} 16. Be3 {[%clk 00:40:50]}
{[%emt 00:19:45]} Nh4 {[%clk 00:40:03]} {[%emt 00:04:41]} 17. Kf1 {[%clk
00:31:22]} {[%emt 00:10:00]} Qb5+ {[%clk 00:33:43]} {[%emt 00:06:50]} 18. Bd3
{[%clk 00:27:03]} {[%emt 00:04:48]} Qxb2 {[%clk 00:33:46]} {[%emt 00:00:30]}
19. Rb1 {[%clk 00:25:38]} {[%emt 00:01:54]} Qxa2 {[%clk 00:25:07]} {[%emt
00:09:09]} 20. Ra1 {[%clk 00:21:15]} {[%emt 00:04:53]} Qb2 {[%clk 00:19:21]}
{[%emt 00:06:12]} 21. Rb1 {[%clk 00:19:46]} {[%emt 00:02:03]} Qa3 {[%clk
00:17:49]} {[%emt 00:01:49]} 22. Ra1 {[%clk 00:18:02]} {[%emt 00:02:29]} Qc3
{[%clk 00:13:13]} {[%emt 00:05:00]} 23. Rc1 {[%clk 00:15:26]} {[%emt 00:03:08]}
Nxf3 {[%clk 00:07:13]} {[%emt 00:06:33]} 24. gxf3 {[%clk 00:09:47]} {[%emt
00:06:10]} Bh3+ {[%clk 00:06:56]} {[%emt 00:00:45]} 25. Kg1 {[%clk 00:09:48]}
{[%emt 00:00:27]} Qa5 {[%clk 00:07:09]} {[%emt 00:00:17]} 26. Kh2 {[%clk
00:08:26]} {[%emt 00:01:51]} Bd7 {[%clk 00:06:31]} {[%emt 00:01:05]} 27. Bd2
{[%clk 00:07:40]} {[%emt 00:01:23]} Qb6 {[%clk 00:06:02]} {[%emt 00:00:59]} 28.
Be3 {[%clk 00:07:45]} {[%emt 00:00:24]} c6 {[%clk 00:05:52]} {[%emt 00:00:41]}
29. d5 {[%clk 00:06:38]} {[%emt 00:01:38]} Qc7 {[%clk 00:05:59]} {[%emt
00:00:13]} 30. dxc6 {[%clk 00:06:35]} {[%emt 00:00:43]} Bxc6 {[%clk 00:05:06]}
{[%emt 00:01:22]} 31. Bxa7 {[%clk 00:06:18]} {[%emt 00:00:48]} Rxa7 {[%clk
00:05:31]} {[%emt 00:00:05]} 32. Qc2 {[%clk 00:06:20]} {[%emt 00:00:27]} Qd7
{[%clk 00:05:12]} {[%emt 00:00:49]} 33. Nf5 {[%clk 00:05:21]} {[%emt 00:01:26]}
g6 {[%clk 00:03:07]} {[%emt 00:02:38]} 34. Nd4 {[%clk 00:04:53]} {[%emt
00:00:55]} Rc8 {[%clk 00:02:46]} {[%emt 00:00:53]} 35. Qd2 {[%clk 00:03:37]}
{[%emt 00:01:43]} Raa8 {[%clk 00:02:07]} {[%emt 00:01:14]} 36. Rh1 {[%clk
00:03:19]} {[%emt 00:00:47]} Nh5 {[%clk 00:01:44]} {[%emt 00:00:52]} 37. Kg2
{[%clk 00:03:09]} {[%emt 00:00:34]} Qe7 {[%clk 00:01:25]} {[%emt 00:00:56]} 38.
Rcg1 {[%clk 00:02:48]} {[%emt 00:00:50]} Qf6 {[%clk 00:01:03]} {[%emt
00:00:44]} 39. Ne2 {[%clk 00:02:45]} {[%emt 00:00:39]} Kf8 {[%clk 00:01:07]}
{[%emt 00:00:26]} 40. Qh6+ {[%clk 00:01:16]} {[%emt 00:01:58]} Qg7 {[%clk
00:01:16]} {[%emt 00:00:22]} 41. Qd2 {[%clk 00:29:08]} {[%emt 00:02:39]} Ke7
{[%clk 00:19:38]} {[%emt 00:12:03]} 42. Kf1 {[%clk 00:25:28]} {[%emt 00:04:16]}
Qa1+ {[%clk 00:18:46]} {[%emt 00:01:21]} 43. Kg2 {[%clk 00:24:53]} {[%emt
00:01:08]} Qf6 {[%clk 00:16:29]} {[%emt 00:02:41]} 44. Rd1 {[%clk 00:20:53]}
{[%emt 00:04:35]} a5 {[%clk 00:16:11]} {[%emt 00:00:49]} 45. Nc3 {[%clk
00:20:59]} {[%emt 00:00:24]} Nf4+ {[%clk 00:15:32]} {[%emt 00:01:07]} 46. Kf1
{[%clk 00:20:36]} {[%emt 00:00:54]} Nxd3 {[%clk 00:15:55]} {[%emt 00:00:07]}
47. Qxd3 {[%clk 00:20:50]} {[%emt 00:00:15]} h5 {[%clk 00:13:27]} {[%emt
00:02:59]} 48. Ke2 {[%clk 00:16:34]} {[%emt 00:04:45]} a4 {[%clk 00:11:50]}
{[%emt 00:02:08]} 49. Ra1 {[%clk 00:14:06]} {[%emt 00:02:56]} a3 {[%clk
00:09:06]} {[%emt 00:03:15]} 50. Kd2 {[%clk 00:12:42]} {[%emt 00:01:53]} Qe5
{[%clk 00:07:02]} {[%emt 00:02:32]} 51. Rhe1 {[%clk 00:10:56]} {[%emt
00:02:19]} Qc5 {[%clk 00:06:33]} {[%emt 00:00:52]} 52. Re2 {[%clk 00:10:17]}
{[%emt 00:01:10]} b5 {[%clk 00:04:02]} {[%emt 00:03:08]} 53. Nd5+ {[%clk
00:08:40]} {[%emt 00:02:07]} Bxd5 {[%clk 00:04:12]} {[%emt 00:00:20]} 54. exd5+
{[%clk 00:08:48]} {[%emt 00:00:22]} Kf8 {[%clk 00:04:38]} {[%emt 00:00:03]} 55.
Qb1 {[%clk 00:04:38]} {[%emt 00:04:40]} Qxd5+ {[%clk 00:04:13]} {[%emt
00:00:57]} 56. Ke1 {[%clk 00:04:49]} {[%emt 00:00:13]} Qxf3 {[%clk 00:04:08]}
{[%emt 00:00:41]} 57. Qd1 {[%clk 00:04:29]} {[%emt 00:00:47]} Qh1+ {[%clk
00:04:17]} {[%emt 00:00:22]} 58. Kd2 {[%clk 00:04:54]} {[%emt 00:00:06]} Qxd1+
{[%clk 00:04:38]} {[%emt 00:00:09]} 59. Kxd1 {[%clk 00:05:21]} {[%emt
00:00:04]} b4 {[%clk 00:04:55]} {[%emt 00:00:13]} 60. Re3 {[%clk 00:05:40]}
{[%emt 00:00:09]} a2 {[%clk 00:03:52]} {[%emt 00:01:34]} 61. Rb3 {[%clk
00:04:16]} {[%emt 00:01:54]} Ra4 {[%clk 00:03:23]} {[%emt 00:00:59]} 62. Kd2
{[%clk 00:03:39]} {[%emt 00:01:07]} Rc4 {[%clk 00:03:04]} {[%emt 00:00:46]} 63.
Rh3 {[%clk 00:03:29]} {[%emt 00:00:40]} Rc3 {[%clk 00:03:22]} {[%emt 00:00:15]}
64. Rxc3 {[%clk 00:03:40]} {[%emt 00:00:20]} bxc3+ {[%clk 00:03:47]} {[%emt
00:00:04]} 65. Kxc3 {[%clk 00:04:00]} {[%emt 00:00:10]} h4 {[%clk 00:04:10]}
{[%emt 00:00:07]} 66. Kb2 {[%clk 00:04:10]} {[%emt 00:00:20]} h3 {[%clk
00:04:32]} {[%emt 00:00:08]} 67. Rxa2 {[%clk 00:03:47]} {[%emt 00:00:53]} Rxa2+
{[%clk 00:04:57]} {[%emt 00:00:05]} 68. Kxa2 {[%clk 00:04:15]} {[%emt
00:00:02]} h2 {[%clk 00:05:20]} {[%emt 00:00:07]} 69. Kb3 {[%clk 00:04:38]}
{[%emt 00:00:07]} h1=Q {[%clk 00:05:44]} {[%emt 00:00:06]} 70. Kc4 {[%clk
00:04:56]} {[%emt 00:00:13]} d5+ {[%clk 00:05:54]} {[%emt 00:00:20]} 71. Kd4
{[%clk 00:05:17]} {[%emt 00:00:08]} Qe4+ {[%clk 00:06:17]} {[%emt 00:00:05]}
72. Kc3 {[%clk 00:05:43]} {[%emt 00:00:06]} d4+ {[%clk 00:06:36]} {[%emt
00:00:12]} 73. Kd2 {[%clk 00:06:03]} {[%emt 00:00:10]} d3 {[%clk 00:06:46]}
{[%emt 00:00:19]} 74. f3 {[%clk 00:06:22]} {[%emt 00:00:11]} Qe2+ {[%clk
00:07:10]} {[%emt 00:00:06]} 0-1

[Event "DVM U14w 2018"]
[Site "Neumünster GER"]
[Date "2018.12.30"]
[Round "7"]
[White "Rosenboom, Anna Marie"]
[Black "Eisele, Lea Carolin"]
[Result "1-0"]
[Termination "normal"]
[Board "3.4"]
[WhiteElo "778"]
[BlackElo "930"]
[WhiteClock "01:24:36"]
[BlackClock "00:53:37"]
[WhiteTeam "SC Papenburg"]
[BlackTeam "SF Sasbach"]
[PlyCount "87"]
[WhiteFideId "16275306"]
[BlackFideId "16255780"]
[EventCountry "GER"]
[EventRounds "7"]
[EventType "team-swiss"]
[EventDate "2018.12.26"]

1. e4 {[%clk 01:30:59]} e5 {[%clk 01:30:53]} {[%emt 00:00:07]} 2. Nf3 {[%clk
01:31:25]} {[%emt 00:00:05]} Nc6 {[%clk 01:31:16]} {[%emt 00:00:07]} 3. Bb5
{[%clk 01:31:45]} {[%emt 00:00:10]} a6 {[%clk 01:31:39]} {[%emt 00:00:06]} 4.
Bxc6 {[%clk 01:32:06]} {[%emt 00:00:09]} dxc6 {[%clk 01:32:02]} {[%emt
00:00:08]} 5. d4 {[%clk 01:32:27]} {[%emt 00:00:10]} f6 {[%clk 01:26:52]}
{[%emt 00:05:39]} 6. Be3 {[%clk 01:30:59]} {[%emt 00:01:57]} Be6 {[%clk
01:27:00]} {[%emt 00:00:22]} 7. O-O {[%clk 01:30:44]} {[%emt 00:00:45]} Qd7
{[%clk 01:26:33]} {[%emt 00:00:57]} 8. dxe5 {[%clk 01:30:39]} {[%emt 00:00:36]}
O-O-O {[%clk 01:22:30]} {[%emt 00:04:33]} 9. Qxd7+ {[%clk 01:29:44]} {[%emt
00:01:25]} Rxd7 {[%clk 01:22:50]} {[%emt 00:00:10]} 10. exf6 {[%clk 01:29:56]}
{[%emt 00:00:18]} Nxf6 {[%clk 01:23:09]} {[%emt 00:00:10]} 11. Nc3 {[%clk
01:29:29]} {[%emt 00:00:58]} Be7 {[%clk 01:22:02]} {[%emt 00:01:37]} 12. Ng5
{[%clk 01:22:54]} {[%emt 00:07:05]} Rd6 {[%clk 01:17:05]} {[%emt 00:05:27]} 13.
Rad1 {[%clk 01:21:21]} {[%emt 00:02:03]} b6 {[%clk 01:13:44]} {[%emt 00:03:51]}
14. e5 {[%clk 01:21:20]} {[%emt 00:00:30]} Rxd1 {[%clk 01:13:38]} {[%emt
00:00:36]} 15. Rxd1 {[%clk 01:21:43]} {[%emt 00:00:07]} Ng4 {[%clk 01:13:54]}
{[%emt 00:00:14]} 16. Nxe6 {[%clk 01:21:54]} {[%emt 00:00:20]} Nxe3 {[%clk
01:12:19]} {[%emt 00:02:04]} 17. fxe3 {[%clk 01:22:16]} {[%emt 00:00:08]} g5
{[%clk 01:05:48]} {[%emt 00:07:02]} 18. Rf1 {[%clk 01:21:24]} {[%emt 00:01:22]}
Kd7 {[%clk 01:04:06]} {[%emt 00:02:12]} 19. Ng7 {[%clk 01:20:36]} {[%emt
00:01:17]} h6 {[%clk 00:59:17]} {[%emt 00:05:19]} 20. Rf7 {[%clk 01:19:37]}
{[%emt 00:01:29]} Rh7 {[%clk 00:58:52]} {[%emt 00:00:55]} 21. e6+ {[%clk
01:19:53]} {[%emt 00:00:14]} Kd6 {[%clk 00:57:25]} {[%emt 00:01:57]} 22. Nf5+
{[%clk 01:19:39]} {[%emt 00:00:45]} Kxe6 {[%clk 00:57:41]} {[%emt 00:00:15]}
23. Rxh7 {[%clk 01:20:03]} {[%emt 00:00:05]} Kxf5 {[%clk 00:52:48]} {[%emt
00:05:23]} 24. Rxe7 {[%clk 01:20:19]} {[%emt 00:00:12]} a5 {[%clk 00:52:31]}
{[%emt 00:00:48]} 25. e4+ {[%clk 01:20:40]} {[%emt 00:00:10]} Kf6 {[%clk
00:52:38]} {[%emt 00:00:23]} 26. Rxc7 {[%clk 01:20:42]} {[%emt 00:00:27]} c5
{[%clk 00:52:10]} {[%emt 00:00:59]} 27. Nd5+ {[%clk 01:21:04]} {[%emt
00:00:08]} Ke5 {[%clk 00:52:27]} {[%emt 00:00:13]} 28. Re7+ {[%clk 01:20:48]}
{[%emt 00:00:46]} Kd6 {[%clk 00:50:03]} {[%emt 00:02:54]} 29. Kf2 {[%clk
01:21:01]} {[%emt 00:00:16]} a4 {[%clk 00:50:22]} {[%emt 00:00:11]} 30. Kf3
{[%clk 01:21:26]} {[%emt 00:00:06]} c4 {[%clk 00:50:26]} {[%emt 00:00:26]} 31.
Kg4 {[%clk 01:21:50]} {[%emt 00:00:05]} b5 {[%clk 00:50:45]} {[%emt 00:00:12]}
32. Kf5 {[%clk 01:22:09]} {[%emt 00:00:11]} b4 {[%clk 00:50:51]} {[%emt
00:00:25]} 33. Kf6 {[%clk 01:22:13]} {[%emt 00:00:25]} a3 {[%clk 00:50:59]}
{[%emt 00:00:23]} 34. bxa3 {[%clk 01:22:33]} {[%emt 00:00:09]} bxa3 {[%clk
00:51:10]} {[%emt 00:00:19]} 35. Re6+ {[%clk 01:22:31]} {[%emt 00:00:31]} Kd7
{[%clk 00:51:29]} {[%emt 00:00:12]} 36. Nb6+ {[%clk 01:22:27]} {[%emt
00:00:34]} Kc7 {[%clk 00:51:52]} {[%emt 00:00:07]} 37. e5 {[%clk 01:22:42]}
{[%emt 00:00:16]} g4 {[%clk 00:52:07]} {[%emt 00:00:14]} 38. Na8+ {[%clk
01:22:43]} {[%emt 00:00:28]} Kb7 {[%clk 00:52:24]} {[%emt 00:00:13]} 39. Re7+
{[%clk 01:22:57]} {[%emt 00:00:16]} Kxa8 {[%clk 00:52:44]} {[%emt 00:00:11]}
40. Rh7 {[%clk 01:23:18]} {[%emt 00:00:08]} c3 {[%clk 00:52:55]} {[%emt
00:00:20]} 41. e6 {[%clk 01:23:44]} {[%emt 00:00:04]} h5 {[%clk 00:52:55]}
{[%emt 00:00:29]} 42. Rd7 {[%clk 01:24:09]} {[%emt 00:00:05]} h4 {[%clk
00:53:15]} {[%emt 00:00:11]} 43. e7 {[%clk 01:24:36]} {[%emt 00:00:03]} g3
{[%clk 00:53:37]} {[%emt 00:00:08]} 44. e8=Q# {[%emt 00:00:08]} 1-0

[Event "DVM U14w 2018"]
[Site "Neumünster GER"]
[Date "2018.12.30"]
[Round "7"]
[White "Reuter, Elisa"]
[Black "Falke, Ornella"]
[Result "1-0"]
[Termination "normal"]
[Board "4.1"]
[WhiteElo "1839"]
[BlackElo "1509"]
[WhiteTeam "SG Leipzig"]
[BlackTeam "Elmshorner SC"]
[PlyCount "73"]
[WhiteFideId "12995444"]
[BlackFideId "16207092"]
[EventCountry "GER"]
[EventRounds "7"]
[EventType "team-swiss"]
[EventDate "2018.12.26"]

1. e4 e5 2. Nf3 Nc6 3. Bc4 Nf6 4. d3 Bc5 5. c3 O-O 6. O-O d5 7. exd5 Nxd5 8.
Nbd2 a6 9. Re1 b5 10. Bb3 Nf4 11. d4 exd4 12. Ne4 Bb6 13. Bxf4 Bg4 14. h3 Bxf3
15. Qxf3 dxc3 16. Nxc3 Nd4 17. Qd1 c6 18. Be3 Nxb3 19. Qxb3 c5 20. Rad1 Qh4 21.
Qc2 f5 22. Nd5 Ba5 23. Bd2 Bxd2 24. Rxd2 c4 25. Ne7+ Kh8 26. Nxf5 Qf6 27. Ng3
Rfc8 28. Rde2 h6 29. Re6 Qd4 30. Nf5 Qc5 31. Nxh6 Qh5 32. R6e5 Qh4 33. Nf7+ Kg8
34. Ng5 Rf8 35. Nf3 Qf4 36. Rh5 Qc7 37. Ng5 1-0

[Event "DVM U14w 2018"]
[Site "Neumünster GER"]
[Date "2018.12.30"]
[Round "7"]
[White "Nguyen, Jenny Ha-Linh"]
[Black "Margaryan, Susanna"]
[Result "0-1"]
[Termination "normal"]
[Board "4.3"]
[WhiteElo "1238"]
[BlackElo "960"]
[WhiteTeam "SG Leipzig"]
[BlackTeam "Elmshorner SC"]
[PlyCount "160"]
[WhiteFideId "16209729"]
[BlackFideId "16268210"]
[EventCountry "GER"]
[EventRounds "7"]
[EventType "team-swiss"]
[EventDate "2018.12.26"]

1. e4 d5 2. exd5 Qxd5 3. Nc3 Qa5 4. d4 c6 5. Bc4 Nf6 6. Bd2 Bf5 7. Nf3 e6 8.
O-O Be7 9. Re1 O-O 10. Nd5 Qd8 11. Nxe7+ Qxe7 12. h3 Nbd7 13. Nh4 Be4 14. Bg5
Bd5 15. Bd3 h6 16. Bd2 c5 17. dxc5 Qxc5 18. a3 Qb6 19. Bc3 Rfe8 20. Nf3 Rac8
21. Qe2 a6 22. Ne5 Nxe5 23. Qxe5 Qc7 24. Qe3 Nd7 25. Be4 Bxe4 26. Qxe4 e5 27.
Rad1 Rcd8 28. f4 Qc5+ 29. Kh1 exf4 30. Qxe8+ Rxe8 31. Rxe8+ Kh7 32. Rxd7 Qc6
33. Ree7 f3 34. Rxf7 fxg2+ 35. Kg1 Kg6 36. Rxg7+ Kh5 37. Rde7 Qc5+ 38. Kh2
g1=Q+ 39. Rxg1 Qxe7 40. Re1 Qh4 41. Re5+ Kg6 42. Re6+ Kf7 43. Rf6+ Ke7 44. Rf3
Qe4 45. Rf2 b6 46. Bb4+ Ke6 47. Kg1 h5 48. Bc3 Qe3 49. Kg2 h4 50. Rf3 Qe2+ 51.
Rf2 Qe4+ 52. Rf3 Qxc2+ 53. Rf2 Qg6+ 54. Kh1 Qg3 55. Rh2 Kf5 56. Bh8 Ke4 57. Bc3
a5 58. Bh8 Kd3 59. Bc3 Kc4 60. Bh8 b5 61. Bc3 a4 62. Bh8 b4 63. axb4 Kxb4 64.
Bc3+ Kb3 65. Bh8 Kc4 66. Rc2+ Kb5 67. Rh2 Qe1+ 68. Kg2 Qe4+ 69. Kg1 Qe3+ 70.
Kh1 a3 71. bxa3 Qxa3 72. Be5 Kc5 73. Bf6 Qf3+ 74. Kg1 Qxf6 75. Kg2 Qg5+ 76. Kh1
Qg3 77. Rc2+ Kd4 78. Rh2 Ke4 79. Re2+ Kf3 80. Rh2 Qe1# 0-1

[Event "DVM U14w 2018"]
[Site "Neumünster GER"]
[Date "2018.12.30"]
[Round "7"]
[White "Ahrens, Merle"]
[Black "Fege, Astrid"]
[Result "0-1"]
[Termination "normal"]
[Board "4.4"]
[WhiteElo "1105"]
[BlackElo "1235"]
[WhiteTeam "Elmshorner SC"]
[BlackTeam "SG Leipzig"]
[PlyCount "152"]
[WhiteFideId "16266200"]
[BlackFideId "16217152"]
[EventCountry "GER"]
[EventRounds "7"]
[EventType "team-swiss"]
[EventDate "2018.12.26"]

1. d4 d5 2. c4 dxc4 3. Nc3 Nf6 4. Bf4 a6 5. e4 e6 6. Bxc4 b5 7. Be2 Bb4 8. Bf3
Bb7 9. Bg5 Be7 10. e5 Nd5 11. Bxe7 Kxe7 12. Qd2 Re8 13. Nxd5+ Bxd5 14. a3 Kf8
15. b4 Bxf3 16. Nxf3 Nd7 17. Qd3 Kg8 18. O-O Nb6 19. Rfe1 h6 20. Rac1 Nc4 21.
Re2 Rc8 22. Rec2 Re7 23. Ra1 Rd7 24. a4 Ra8 25. h3 Kh8 26. axb5 axb5 27. Rca2
Rxa2 28. Rxa2 Qb8 29. Kh2 c6 30. Qc3 Qb7 31. Nd2 Qb6 32. Nxc4 bxc4 33. Rd2 Qb5
34. Rc2 Qb6 35. Qxc4 Rxd4 36. Qxc6 Qxc6 37. Rxc6 Rxb4 38. Rc8+ Kh7 39. Rc7 Kg6
40. Rc3 Rb2 41. f4 Rf2 42. Rf3 Rxf3 43. gxf3 Kh5 44. Kg3 f6 45. exf6 gxf6 46.
h4 Kg6 47. Kg4 h5+ 48. Kg3 Kf5 49. Kh3 Kxf4 50. Kg2 f5 51. Kf2 e5 52. Kg2 e4
53. fxe4 fxe4 54. Kf2 Kg4 55. Ke3 Kxh4 56. Kf4 Kh3 57. Kxe4 Kg3 58. Ke3 h4 59.
Ke2 Kg2 60. Ke1 h3 61. Ke2 h2 62. Kd3 h1=Q 63. Kd4 Qh5 64. Ke4 Qg5 65. Kd4 Qf5
66. Kc3 Qe4 67. Kd2 Qf3 68. Kc2 Qe3 69. Kd1 Kf2 70. Kc2 Ke2 71. Kb2 Qd3 72. Ka2
Qc3 73. Kb1 Qd2 74. Ka1 Kd3 75. Kb1 Kc3 76. Ka1 Qb2# 0-1

[Event "DVM U14w 2018"]
[Site "Neumünster GER"]
[Date "2018.12.30"]
[Round "7"]
[White "Schwegler, Jelena"]
[Black "Becker, Linda"]
[Result "1-0"]
[Termination "normal"]
[Board "5.1"]
[WhiteElo "1473"]
[BlackElo "1436"]
[WhiteTeam "SK Bad Homburg"]
[BlackTeam "SG Porz"]
[PlyCount "103"]
[WhiteFideId "16225481"]
[BlackFideId "16244753"]
[EventCountry "GER"]
[EventRounds "7"]
[EventType "team-swiss"]
[EventDate "2018.12.26"]

1. e4 e6 2. d4 d5 3. Nc3 Bb4 4. e5 c5 5. a3 Bxc3+ 6. bxc3 Nc6 7. Qg4 g6 8. Nf3
Qc7 9. Bd3 h5 10. Qh4 Bd7 11. g4 cxd4 12. cxd4 Nxd4 13. Nxd4 Qc3+ 14. Ke2 Qxa1
15. g5 Qc3 16. Kd1 Ne7 17. Re1 a6 18. Re3 Qc7 19. Qf4 Rf8 20. Qf6 Ng8 21. Qf4
O-O-O 22. Rf3 Ne7 23. Qf6 Nc6 24. Nxc6 Bxc6 25. Bxg6 fxg6 26. Qxf8 Rxf8 27.
Rxf8+ Qd8 28. Rxd8+ Kxd8 29. Be3 Kd7 30. Kd2 Ba4 31. c3 Kc6 32. Kd3 Kb5 33. Kd4
Ka5 34. Kc5 Bb3 35. Kd6 Kb5 36. Bd4 Ka4 37. Kxe6 Kxa3 38. Kf7 Ba4 39. e6 Kb3
40. e7 a5 41. Bb6 Kxc3 42. Bxa5+ Kc2 43. e8=Q Bxe8+ 44. Kxe8 d4 45. Kf7 d3 46.
Kxg6 d2 47. Bxd2 Kxd2 48. Kxh5 b5 49. g6 b4 50. g7 b3 51. g8=Q b2 52. Qb3 1-0

[Event "DVM U14w 2018"]
[Site "Neumünster GER"]
[Date "2018.12.30"]
[Round "7"]
[White "Sinner, Joselyne"]
[Black "Goetz, Fenja"]
[Result "1-0"]
[Termination "normal"]
[Board "5.2"]
[WhiteElo "1518"]
[BlackElo "1465"]
[WhiteTeam "SG Porz"]
[BlackTeam "SK Bad Homburg"]
[PlyCount "103"]
[WhiteFideId "16210387"]
[BlackFideId "16250516"]
[EventCountry "GER"]
[EventRounds "7"]
[EventType "team-swiss"]
[EventDate "2018.12.26"]

1. e4 c5 2. Nf3 Nc6 3. Bb5 g6 4. O-O Bg7 5. Nc3 d6 6. h3 Bd7 7. a4 Nf6 8. d3
O-O 9. Be3 a6 10. Bc4 Qc7 11. Nd2 Ne5 12. Bb3 b5 13. Bd5 Rab8 14. axb5 axb5 15.
f4 Nc6 16. Nf3 Nb4 17. Bb3 Bc6 18. Qe2 Ra8 19. Na2 Nxa2 20. Bxa2 Nxe4 21. dxe4
Bxb2 22. Bxf7+ Rxf7 23. Rxa8+ Bxa8 24. Ng5 Rf6 25. Qxb5 Bd4 26. Qc4+ d5 27. Qd3
Bxe3+ 28. Qxe3 h6 29. e5 Ra6 30. Nf3 Ra2 31. Qd3 Kg7 32. Nh4 Qb6 33. Kh2 c4 34.
Qg3 Rxc2 35. f5 g5 36. f6+ exf6 37. Rxf6 Qd8 38. Nf5+ Kh7 39. Rxh6+ Kg8 40. Rf6
Qxf6 41. exf6 d4 42. Qxg5+ Kf7 43. Qg7+ Ke6 44. Qg8+ Kxf6 45. Qxa8 Kxf5 46.
Qd5+ Kf6 47. Qxd4+ Kf7 48. Qf4+ Kg7 49. Qg5+ Kh8 50. Qh6+ Kg8 51. Qg6+ Kf8 52.
Qxc2 1-0

[Event "DVM U14w 2018"]
[Site "Neumünster GER"]
[Date "2018.12.30"]
[Round "7"]
[White "Tychyna, Margarita"]
[Black "Ramien, Hannah"]
[Result "0-1"]
[Termination "normal"]
[Board "5.3"]
[WhiteElo "804"]
[BlackElo "1280"]
[WhiteTeam "SK Bad Homburg"]
[BlackTeam "SG Porz"]
[PlyCount "96"]
[WhiteFideId "16275349"]
[BlackFideId "16209982"]
[EventCountry "GER"]
[EventRounds "7"]
[EventType "team-swiss"]
[EventDate "2018.12.26"]

1. e4 e5 2. Nf3 Nc6 3. Bc4 Nf6 4. Ng5 d5 5. exd5 Nd4 6. c3 Nf5 7. O-O Nxd5 8.
d3 Bc5 9. Nf3 f6 10. d4 exd4 11. cxd4 Bb6 12. Nc3 c6 13. Re1+ Nde7 14. Be3 Bd7
15. b4 Nd6 16. Bb3 Bg4 17. h3 Bh5 18. Be6 Bf7 19. d5 O-O 20. Nh4 Nc4 21. Nf5
Bxe6 22. Nxe7+ Qxe7 23. dxe6 Bxe3 24. fxe3 Qxe6 25. e4 Rad8 26. Qb3 b5 27. a4
a6 28. axb5 axb5 29. Ra6 Qc8 30. Ra7 Rfe8 31. Na4 Qb8 32. Ra6 Rc8 33. Nc5 Kh8
34. Rd1 Nd6 35. Rd4 Nb7 36. Rb6 Qe5 37. Qd3 Nxc5 38. bxc5 Qxc5 39. Rb7 Rcd8 40.
Qd1 Rxd4 41. Qg4 Rdxe4+ 42. Kh2 Rxg4 43. hxg4 Qe5+ 44. g3 Qg5 45. Kh3 Qh6+ 46.
Kg2 Qd2+ 47. Kh3 h6 48. Kh4 Qh2# 0-1

[Event "DVM U14w 2018"]
[Site "Neumünster GER"]
[Date "2018.12.30"]
[Round "7"]
[White "Heintz, Lilly"]
[Black "Berghold, Lotta"]
[Result "0-1"]
[Termination "normal"]
[Board "6.2"]
[WhiteElo "1057"]
[BlackElo "1383"]
[WhiteTeam "SC Leipzig Lindenau"]
[BlackTeam "SC Borussia Lichtenberg"]
[PlyCount "62"]
[WhiteFideId "16229550"]
[BlackFideId "16243463"]
[EventCountry "GER"]
[EventRounds "7"]
[EventType "team-swiss"]
[EventDate "2018.12.26"]

1. e4 b6 2. Nc3 Bb7 3. d4 e6 4. Bf4 Bb4 5. Bd3 Nf6 6. Qe2 d5 7. e5 Ne4 8. Bxe4
dxe4 9. O-O-O Bxc3 10. bxc3 Qe7 11. f3 exf3 12. Nxf3 Qa3+ 13. Kb1 Qxc3 14. Bd2
Qa3 15. Bc1 Qb4+ 16. Bb2 Bd5 17. Qd3 Qc4 18. Qa3 a5 19. Qc3 Qxa2+ 20. Kc1 Qc4
21. Qd2 a4 22. Ba3 h6 23. h3 Nc6 24. Rhg1 b5 25. Qf2 b4 26. Bb2 a3 27. Ba1 b3
28. Ne1 b2+ 29. Bxb2 axb2+ 30. Kxb2 Qb4+ 31. Kc1 Ra1# 0-1

[Event "DVM U14w 2018"]
[Site "Neumünster GER"]
[Date "2018.12.30"]
[Round "7"]
[White "Relógio Stauber, Anna"]
[Black "Ezold, Johanna Sophie"]
[Result "1-0"]
[Termination "normal"]
[Board "6.3"]
[WhiteElo "1327"]
[BlackElo "994"]
[WhiteTeam "SC Borussia Lichtenberg"]
[BlackTeam "SC Leipzig Lindenau"]
[PlyCount "67"]
[WhiteFideId "16255771"]
[BlackFideId "16275411"]
[EventCountry "GER"]
[EventRounds "7"]
[EventType "team-swiss"]
[EventDate "2018.12.26"]

1. d4 d5 2. Nf3 Bf5 3. e3 Nf6 4. Bd3 Bxd3 5. Qxd3 Nc6 6. c3 Qd7 7. Nbd2 e6 8.
O-O Bd6 9. e4 dxe4 10. Nxe4 Nxe4 11. Qxe4 O-O-O 12. Bg5 f6 13. Bf4 Bxf4 14.
Qxf4 Qf7 15. Rfe1 Rhe8 16. b3 g5 17. Nxg5 Qd7 18. Qxf6 Re7 19. Rxe6 b6 20. Rxc6
Rde8 21. Kf1 Kb7 22. Rc4 Qb5 23. Nf3 Re6 24. Qg5 Qa6 25. Ne5 Qa3 26. Qd2 Rf8
27. Re1 Ref6 28. Re2 Rf5 29. d5 Rh5 30. h3 Rg8 31. Rce4 Rgg5 32. f4 Rg8 33. c4
Rg3 34. Kf2 1-0